00433 a2200181 4500260001100000100001500011700001300026700001300039260000900052245009300061300000900154650002600163650001100189260000900200130000800209651001600217020001800233 aOttawa aBENE, J. G1 aBEALLH W1 aCOTE, A. bCRDI aLes arbres dans l'aménagement des terres sous les tropiques : une solution à la faim a55p. amise en valeur du sol afamine c1978 lFr. azone humide a0-88936-169-X